Teoría del dinero y del crédito / (Record no. 109292)
[ view plain ]
| 000 -LEADER | |
|---|---|
| campo de control de longitud fija | 00754nam a2200217 4500 |
| 001 - NÚMERO DE CONTROL | |
| campo de control | 109292 |
| 003 - IDENTIFICADOR DE NÚMERO DE CONTROL | |
| campo de control | ES-MaACL |
| 005 - FECHA Y HORA DE LA ÚLTIMA TRANSACCIÓN | |
| campo de control | 20250911063545.0 |
| 007 - CAMPO FIJO DE DESCRIPCIÓN FÍSICA--INFORMACIÓN GENERAL | |
| campo de control de longitud fija | t| |
| 008 - DATOS DE LONGITUD FIJA--INFORMACIÓN GENERAL | |
| campo de control de longitud fija | 061121s1936 sp r ||||1| spa d |
| 100 1# - ENTRADA PRINCIPAL--NOMBRE DE PERSONA | |
| Nombre de persona | Von Mises, Ludwig, |
| Fechas asociadas al nombre | 1881-1973 |
| 9 (RLIN) | 173826 |
| 245 10 - MENCIÓN DEL TÍTULO | |
| Título | Teoría del dinero y del crédito / |
| Mención de responsabilidad, etc. | Ludwig von Mises; traducción española de Antonio Riaño. |
| 260 ## - PUBLICACIÓN, DISTRIBUCIÓN, ETC. | |
| Lugar de publicación, distribución, etc. | Madrid : |
| Nombre del editor, distribuidor, etc. | Aguilar, |
| Fecha de publicación, distribución, etc. | 1936. |
| 300 ## - DESCRIPCIÓN FÍSICA | |
| Extensión | 490 p ; |
| Dimensiones | 21 cm. |
| 490 1# - MENCIÓN DE SERIE | |
| Mención de serie | Biblioteca de estudios económicos, políticos y sociales |
| 700 1# - ENTRADA AGREGADA--NOMBRE PERSONAL | |
| Nombre de persona | Riaño, Antonio. |
| 9 (RLIN) | 96681 |
| 830 0# - PUNTO DE ACCESO ADICIONAL DE SERIE-TÍTULO UNIFORME | |
| Título uniforme | Biblioteca de estudios económicos, políticos y sociales |
| 9 (RLIN) | 186692 |
| 852 ## - LOCALIZACIÓN | |
| Ubicación | ES-MaACL |
| Número de control de estantería | F-16161 |
| Sublocalización o colección | R.20984 |
| 852 ## - LOCALIZACIÓN | |
| Ubicación | ES-MaACL |
| Número de control de estantería | A-4338 |
| Estatus retirado | Estado de pérdida | Estado de daño | No para préstamo | Biblioteca de origen | Biblioteca actual | Ubicación en estantería | Fecha de adquisición | Fuente de adquisición | Total de préstamos | Signatura topográfica completa | Código de barras | Visto por última vez | Precio de reemplazo | Tipo de ítem Koha |
|---|---|---|---|---|---|---|---|---|---|---|---|---|---|---|
| Biblioteca del Ateneo de Madrid | Biblioteca del Ateneo de Madrid | Sala Pecera Planta 1 | 17/01/2008 | A-4338 | 1114039 | 23/02/2023 | 23/02/2023 | Libro impreso | ||||||
| Biblioteca del Ateneo de Madrid | Biblioteca del Ateneo de Madrid | Sala Pecera Planta 2 | 17/01/2008 | F-16161 | 1114038 | 23/02/2023 | 23/02/2023 | Libro impreso |
